| 000 | 00372nam a22001577a 4500 | ||
|---|---|---|---|
| 005 | 20160216081523.0 | ||
| 008 | 150512b xxu||||| |||| 00| 0 eng d | ||
| 020 | _a9780072857368 | ||
| 020 | _a9780077354787 | ||
| 020 | _a0072857366 | ||
| 020 | _a0077354788 | ||
| 041 | 0 | _aeng | |
| 080 | _a530.1 | ||
| 245 |
_aPhysics: _cWolfgang Bauer; Gary D.Westfall; |
||
| 942 |
_2udc _cBK |
||
| 999 |
_c736 _d736 |
||